Home Print Resources E-Books E-Journals IIMT Lecture Series Library Membership Form Book Recommendation Form Campus Tour Take AdmissionAbout Us Contact Us

MICROPROCESSOR ARCHITECTURE, PROGRAMMING, AND APP. THE 8085 (Record no. 64182)

000 -LEADER
fixed length control field 00506nam a22001697a 4500
003 - CONTROL NUMBER IDENTIFIER
control field OSt
005 - DATE AND TIME OF LATEST TRANSACTION
control field 20240827120220.0
008 - FIXED-LENGTH DATA ELEMENTS--GENERAL INFORMATION
fixed length control field 240827b |||||||| |||| 00| 0 eng d
020 ## - INTERNATIONAL STANDARD BOOK NUMBER
International Standard Book Number 9788187972884
040 ## - CATALOGING SOURCE
Transcribing agency IIMT ENGINEERING COLLEGER
100 ## - MAIN ENTRY--PERSONAL NAME
Personal name GAONKAR RAMESH
245 ## - TITLE STATEMENT
Title MICROPROCESSOR ARCHITECTURE, PROGRAMMING, AND APP. THE 8085
260 ## - PUBLICATION, DISTRIBUTION, ETC.
Place of publication, distribution, etc. NEW DELHI,
Name of publisher, distributor, etc. PEARSON
Date of publication, distribution, etc. 9-8-24, PEARSON
300 ## - PHYSICAL DESCRIPTION
Extent 755
440 ## - SERIES STATEMENT/ADDED ENTRY--TITLE
Title MICROPROCESSOR ARCHITECTURE, PROGRAMMING, AND APP. THE 8085
942 ## - ADDED ENTRY ELEMENTS (KOHA)
Source of classification or shelving scheme
Koha item type Book Bank
Holdings
Withdrawn status Lost status Source of classification or shelving scheme Damaged status Not for loan Home library Current library Date acquired Cost, normal purchase price Inventory number Barcode Date last seen Copy number Uniform Resource Identifier Price effective from Koha item type Total Checkouts Date last checked out
          IIMT Engineering College-BTech IIMT Engineering College-BTech 08/27/2024 755.00 HO/IN/41 06-B-65875 08/27/2024 3 EC / EN 08/27/2024 Book Bank    
          IIMT Engineering College-BTech IIMT Engineering College-BTech 08/27/2024 755.00 HO/IN/41 06-B-65876 08/27/2024 4 EC / EN 08/27/2024 Book Bank    
          IIMT Engineering College-BTech IIMT Engineering College-BTech 08/27/2024 755.00 HO/IN/41 06-B-65877 11/18/2024 5 EC / EN 08/27/2024 Book Bank 1 10/11/2024
IIMT, Central Library. All Rights Reserved IIMT,UNIVERSITY © 2023
Implemented and Customised by I CLOUDE EMS
You Are OPAC Visitor No
free web counter

Powered by Koha